LEADER 01427nam 2200361Ia 450 001 996391228303316 005 20221108083300.0 035 $a(CKB)1000000000664131 035 $a(EEBO)2240925720 035 $a(OCoLC)9920482400971 035 $a(EXLCZ)991000000000664131 100 $a19950918d1615 uy | 101 0 $aeng 135 $aurbn||||a|bb| 200 10$aBy the King$b[electronic resource] $ea proclamation for restraining the abuses in tinne, according to the lawes and ordinances of the stanneries 210 $aImprinted at London $cBy Robert Barker, Printer to the Kings most excellent Maiestie$dAnno Dom. 1615 215 $a3 leaves 300 $a"Giuen at Royston the 26. day of October, in the thirteenth yeere of Our Raigne of Great Britaine, France and Ireland, and of Scotland the nine and fourtieth." 300 $aReproduction of original in: Society of Antiquaries. 330 $aeebo-0147 606 $aTin industry$xLaw and legislation$zGreat Britain$vEarly works to 1800 606 $aSmuggling$zGreat Britain$vEarly works to 1800 607 $aGreat Britain$xHistory$yJames I, 1603-1625 615 0$aTin industry$xLaw and legislation 615 0$aSmuggling 701 $aJames$cKing of England,$f1566-1625.$01001019 801 0$bEBK 801 1$bEBK 801 2$bWaOLN 906 $aBOOK 912 $a996391228303316 996 $aBy the King$92299281 997 $aUNISA